00252nam a2200073Ia 4500008004100000082001500041100001900056245010300075240331s9999 xx 000 0 und d a303.6bJAY aJayawardena, K 0aEthnic and class conflict in Sri Lanka :bthe emergence of Sinhala-Buddhist conciousness 1883-1983